000 00857nam a2200205Ia 4500
001 1194
003 GE_BSU
008 181216s||||||||xx |||||||||||||| ||und||
040 _cGE_BSU
080 _a621.311(075.8)
100 _aლორთქიფანიძე ნ.
245 _aსამრეწველო საწარმოთა ელექტრომომარაგება.
245 _bსახელმძღვანელო პოლიტექნიკური ინსტიტუტის სტუდენტებისათვის.
260 _aთბილისი.
260 _bგანათლება.
300 _a436გვ. 21 სმ.
541 _h18 ლ.
653 _aსამრეწველო საწარმოთა ელექტრომომარაგება.
942 _cBK
999 _c35342
_d35342